Pásku chcú prestrihnúť 17. novembra Po diaľnici do Budimíra

Bibliographic Details
Main Author: kov (Author)
Format: Article
Language:Slovak
Subjects:

MARC

LEADER 00000nab a2200000 a 4500
001 vtls000919489
003 SK-MaSNL
005 20260303033737.0
008 040720e19931025xo 0 slo
035 |a KE28366 
040 |a KEVKJB  |b slo  |c KEVKJB  |e AACR2 
041 0 |a slo 
044 |a xo  |c SK 
080 |a 625.711.3  |2 1981 
100 0 |a kov  |4 aut  |9 872772 
245 1 0 |a Pásku chcú prestrihnúť 17. novembra  |b Po diaľnici do Budimíra 
518 |a 17.11.1993 
650 0 7 |a diaľnice  |2 KEVKJB  |9 14603 
650 0 7 |a budovanie  |2 KEVKJB  |9 335682 
650 0 7 |a otvorenie  |2 KEVKJB  |9 765696 
651 7 |a Budimír (Slovensko)  |2 KEVKJB  |9 29563 
651 7 |a Košice (Slovensko)  |2 KEVKJB  |9 18694 
651 7 |a KE,  |2 KEVKJB  |9 877256 
655 7 |a periodikum  |2 snkbucl  |9 29553 
773 0 8 |t Košický večer  |g Roč. 4  |g Roč. 28, č.209, 25.10.1993, s. 1 
852 |a ZVYKNI  |b KIS3GCP 
999 |c 1671247  |d 1673177